01270nam a2200253 a 450000100060000000300080000600500170001400800390003102000170007003500190008704000390010604100080014508200310015310000660018424501280025026000820037830000670046065000970052765000470062494200120067199900170068395201590070095201570085926255BD-RjUL20211209051005.0190324s1996 bg a b 00110 ben c: Tk. 100.00 a(BD-RjUL)26325 aBD-RjULbben/engcBD-RjULdBD-RjUL aben a929.20954924bALA 19962231 aআলী, এ. কে. এম. ইয়াকুব922957210aএকটি বংশ :bইতিহাস ও ঐতিহ্য /cএ. কে. এম. ইয়াকুব আলী aবগুড়া :bশাইখ ব্রাদার্স,c১৯৯৬ a[৮], ৮৮ পৃ.:bচিত্র;c২২ সেমি. aপরিবারxইতিহাসzবাংলাদেশzবগুড়া9229573 aFamilyxhistoryzBangladeshzBogra9229574 2ddccBK c26255d26255 00102ddc40718NFICaRUCLbRUCLcReadingd1996-05-13eRajshahi, the Authorg100.00l0oB 929.20954924 ALA 1996r2019-03-24 00:00:00tC-1w2021-12-09yBK 00102ddc40708NFICaRUCLbRUCLcStackd1996-05-13eRajshahi, the Authorg100.00l0oB 929.20954924 ALA 1996r2019-03-24 00:00:00tC-2w2021-12-09yBK